Guess the 1960s song lyrics #138 - Statistics

General Stats
  • This quiz has been taken 16 times
  • The average score is 78 of 157
Answer Stats
Answer % Correct
you
93%
I
86%
of
86%
The
86%
the
86%
your
86%
and
79%
And
79%
be
79%
can
79%
do
79%
it
79%
It
79%
my
79%
So
79%
to
79%
if
64%
only
64%
Just
57%
one
57%
thing
57%
will
57%
But
50%
Even
50%
Make
50%
see
50%
thing's
50%
You're
50%
you've
50%
You've
50%
kind
43%
like
43%
Nobody
43%
nobody
43%
special
43%
take
43%
tell
43%
They
43%
along
36%
Cass Elliot
36%
else
36%
hand
36%
music
36%
must
36%
own
36%
Sing
36%
song
36%
them
36%
There's
36%
up
36%
Cause
29%
gonna
29%
gotta
29%
sings
29%
someone
29%
lonely
21%
singing
21%
understand
21%
worth
21%
cannot
14%
goin
14%
may
14%
try
14%
ya
14%
hangs
7%
hardest
7%
loneliest
7%
nowhere
7%
rough
7%
sell
7%
No matching quizzes found
Score Distribution
Percent of People with Each Score
Percentile by Number Answered
Your Score History
You have not taken this quiz